Rainbow six siege agent Défenseur - Statistiques

Statistiques générales
  • Ce quiz a été pris 184 fois
  • Le résultat moyen est 24 sur 37
Statistiques - réponses
Réponse % Correct
Doc
91%
Bandit
88%
Mute
88%
Smoke
88%
Kapkan
86%
Rook
86%
Pulse
81%
Valkyrie
81%
Castle
80%
Caveira
78%
Frost
78%
Jager
78%
Kaid
77%
Mira
76%
Tachanka
74%
Vigil
70%
Maestro
66%
Lesion
65%
Azami
63%
Clash
63%
Alibi
62%
Ela
61%
Echo
60%
Melusi
58%
Aruni
57%
Mozzie
57%
Wamai
57%
Warden
56%
Goyo
53%
Thunderbird
50%
Thorn
49%
Skopos
48%
Fenrir
47%
Solis
47%
Tubarao
47%
Oryx
43%
Sentry
39%
Aucun quiz correspondant
Distribution des résultats
% des personnes avec chaque résultat
Percentile par nombre de réponses
Votre historique - résultats
Vous n’avez pas pris ce quiz